00405nam a2200157Ia 45000010006000000050017000060080041000230410008000640820018000721000027000902450077001172600009001943000028002036500008002316540008002391898020260306171710.0260306s9999||||xx |||||||||||||| ||und|| aESP a658.575bS759 aSlywotzky, AdrianeAUT 0aDemanda:bcrear que las personas desean antes de que sepan qué quieren c2012 a383 páginas :c23 cm. aGEN aCAN